河北省地图点选 Hebei Click Map - Statistics

General Stats
  • This quiz has been taken 29 times
    25 since last reset
  • The average score is 11 of 11
Answers on the Map
Answers color-coded by a green-red scale on the quiz's map according to % correct below.
 
Answer Stats
Answer % Correct
唐山市
100%
秦皇岛市
100%
邯郸市
100%
保定市
100%
张家口市
100%
承德市
100%
沧州市
100%
石家庄市
95%
邢台市
95%
廊坊市
95%
衡水市
89%
No matching quizzes found
Score Distribution
Percent of People with Each Score
Percentile by Number Answered
Your Score History
You have not taken this quiz since the last reset